000 00621nam a2200181 i 4500
001 41569
003 ES-MaACL
005 20230906160444.0
007 t|
008 030311s1932 sp ||||1| spa d
100 1 _aCassel, Gustavo.
_936346
245 1 3 _aEl problema de la estabilización o el medio de lograr un regimen monetario fijo /
_cpor Gustav Cassel ; traducido de la versión alemana de Max Meblen por Enrique Rodríguez Mata.
260 _aMadrid :
_bLabor,
_c1932.
300 _a124 p. ;
_c23 cm.
700 1 _aMeblen, Max.
_979646
700 1 _aRodríguez Mata, Enrique.
_998652
852 _aES-MaACL
_jA-451
999 _c41569
_d41569